Poesías

Saved in:
Bibliografiske detaljer
Hovedforfatter: Valéry, Paul (Author)
Format: Bog
Sprog:spansk
Udgivet: Madrid Visor 1996
Udgivelse:4a. ed
Serier:Colección Visor de Poesía, 38
Fag:
Tags: Tilføj Tag
Ingen Tags, Vær først til at tagge denne postø!

MARC

LEADER 00000nam a2200000 a 4500
001 UCM9673
003 CL-VaPUC
008 030509e19960000SP |||||||||||||||||spa|d
082 0 4 |a 841  |b VAL  |2 21 
100 0 |a Valéry, Paul  |e author  |9 320134 
245 1 0 |a Poesías 
250 |a 4a. ed 
300 |a 74 p 
942 |c BK 
945 |d 20030509 00:00:00  |a vberengu 
260 |a Madrid  |b Visor  |c 1996 
500 |a Incluye: 
500 |a  Los pasos 
500 |a  El silfo 
500 |a  Ana 
500 |a  Aria de Semíramis 
500 |a  Esbozo de una serpiente 
500 |a  La joven parca 
500 |a  Poesía en bruto, canto de la idea madre 
500 |a  Cállate 
500 |a  Salmo S 
500 |a  Salmo T 
600 0 7 |a VALERY, PAUL 1871-1945  |2 CL-VaPUC  |9 469229 
650 0 |a Poesías francesas  |9 265467 
650 0 |a Literatura francesa  |9 266330 
583 |a last modification  |c 20030509 00:00:00  |k Rodrigo Vera 
490 0 |a Colección Visor de Poesía, 38 
999 |c 303817  |d 303815 
952 |0 0  |1 0  |4 0  |6 841_000000000000000_VAL_1996  |7 0  |8 A  |9 365382  |a BIBART  |b BIBART  |d 2019-11-21  |i 3904008  |o 841 VAL 1996  |p 3904008  |r 2025-03-13  |w 2019-11-21  |y BK  |k ART